BUBT Library Online Catalog

Discrete -Time Signal Processing (Record no. 6109)

000 -LEADER
fixed length control field 00604nam a22002057a 4500
003 - CONTROL NUMBER IDENTIFIER
control field BUBTL
008 - FIXED-LENGTH DATA ELEMENTS--GENERAL INFORMATION
fixed length control field 191006b xxu||||| |||| 00| 0 eng d
020 ## - INTERNATIONAL STANDARD BOOK NUMBER
International Standard Book Number 978-93-325-3503-9
082 ## - DEWEY DECIMAL CLASSIFICATION NUMBER
Classification number 621.38481 / OPD
100 ## - MAIN ENTRY--PERSONAL NAME
9 (RLIN) 2406
Personal name Oppenheim, Alan V.
245 ## - TITLE STATEMENT
Title Discrete -Time Signal Processing
Statement of responsibility, etc. Alan V. Oppenheim, Ronald W Schafer
250 ## - EDITION STATEMENT
Edition statement 3rd ed.
260 ## - PUBLICATION, DISTRIBUTION, ETC. (IMPRINT)
Place of publication, distribution, etc. India :
Name of publisher, distributor, etc. Pearson,
Date of publication, distribution, etc. c2016
300 ## - PHYSICAL DESCRIPTION
Extent 1052 p. :
Other physical details ill.;
Dimensions 23.5 cm.
650 #0 - SUBJECT ADDED ENTRY--TOPICAL TERM
9 (RLIN) 239
Topical term or geographic name as entry element EEE
700 ## - ADDED ENTRY--PERSONAL NAME
9 (RLIN) 2407
Personal name Schafer, Ronald W
856 ## - ELECTRONIC LOCATION AND ACCESS
Password 0
Logon 0
Link text Download
942 ## - ADDED ENTRY ELEMENTS (KOHA)
Source of classification or shelving scheme
Koha item type Books
Holdings
Withdrawn status Lost status Source of classification or shelving scheme Damaged status Not for loan Collection code Permanent location Current location Shelving location Date acquired Inventory number Total Checkouts Full call number Barcode Date last seen Copy number Price effective from Koha item type
        Not For Loan Non-fiction Bangladesh University of Business and Technology Library Bangladesh University of Business and Technology Library Electronic Engineering Stacks 09/25/2019 25805   621.38481 / OPD BUBTL-200325805 10/06/2019 C-1 10/06/2019 Books
        Not For Loan Non-fiction Bangladesh University of Business and Technology Library Bangladesh University of Business and Technology Library Electronic Engineering Stacks 09/25/2019 25806   621.38481 / OPD BUBTL-200325806 10/06/2019 C-2 10/06/2019 Books

More Information About Library

Library Hours

  • Open: 9.00 am. to 9.00 pm.
  • Only Sunday: 9.00 am. to 6.00 pm.
  • Closed: Holiday

Contact to the University

Bangladesh University of Business and Technology Library

  • Mirpurl-2, 1216.
  • Phone:
  • Fax:
  • E-Mail: admin.library@bubt.edu.bd

Contact to the Library

Contact Person:

Md. Abdul Hakim Shah
Joint Librarian
PABX No:  113
Cell No: 01816332931
E-mail: official: admin.library@bubt.edu.bd
Personal: hakim.shah@bubt.edu.bd


BUBT Library

Copyright © 2021